|
|
|
|
| LEADER |
01251nam a2200373 i 4500 |
| 001 |
nkc20223420536 |
| 003 |
CZ PrNK |
| 005 |
20230921164256.0 |
| 007 |
ta |
| 008 |
220506s2022 xr g 000 f cze |
| 015 |
|
|
|a cnb003420536
|
| 020 |
|
|
|a 978-80-7227-880-0
|q (brožováno) :
|c Kč 289,00
|
| 035 |
|
|
|a (OCoLC)1402155696
|
| 040 |
|
|
|a ABG001
|b cze
|e rda
|
| 072 |
|
7 |
|a 821.162.3-3
|x Česká próza
|2 Konspekt
|9 25
|
| 080 |
|
|
|a 821.162.3-31
|2 MRF
|
| 080 |
|
|
|a (0:82-31)
|2 MRF
|
| 100 |
1 |
|
|a Biler, Stanislav,
|d 1982-
|7 mzk2015855552
|4 aut
|
| 245 |
1 |
0 |
|a Destrukce /
|c Stanislav Biler
|
| 250 |
|
|
|a Vydání druhé, brožované
|
| 264 |
|
1 |
|a Brno :
|b Druhé město,
|c 2022
|
| 300 |
|
|
|a 278 stran ;
|c 19 cm
|
| 336 |
|
|
|a text
|b txt
|2 rdacontent
|
| 337 |
|
|
|a bez média
|b n
|2 rdamedia
|
| 338 |
|
|
|a svazek
|b nc
|2 rdacarrier
|
| 655 |
|
7 |
|a české romány
|7 fd133974
|2 czenas
|
| 655 |
|
9 |
|a Czech fiction
|2 eczenas
|
| 910 |
2 |
|
|a BOA001
|b 1-1499.403
|
| 920 |
|
|
|a 4649644
|z ABG001
|
| 990 |
|
|
|a BK
|
| 995 |
|
|
|a 01
|
| 991 |
|
|
|b 202212
|c NOV
|
| 996 |
6 |
|
|b 2610922693
|c 1-1499.403
|l MZK
|r Sklad / do 1 hodiny
|n 0
|p p.v.
|w 001907093
|u 000010
|a 1
|e BOA001
|j MZK50
|s P
|
| 996 |
7 |
|
|b 2610922694
|c 1-1499.403
|l MZK
|r Sklad / do 1 hodiny
|n 12
|p p.v.
|w 001907093
|u 000020
|a 1
|e BOA001
|j MZK50
|s A
|